| 000 | 00430nam a2200157Ia 4500 | ||
|---|---|---|---|
| 008 | 220216s9999 xx 000 0 und d | ||
| 100 | _aHong Poh Weng | ||
| 245 | 0 | _aWater management techniques: A practical experience at Foong Lee Plantation | |
| 260 |
_bThe Planter _c2010 |
||
| 300 | _a381-394 | ||
| 650 | _aEnhanced productivity | ||
| 650 | _aFlooding | ||
| 650 | _aWater management | ||
| 650 | _aWater pump | ||
| 942 | _cJS | ||
| 999 |
_c72294 _d72294 |
||